Pokles kurzu dolára zvýšil zadĺženosť Slovenska
Zahraničná zadlženosť Slovenskej republiky v roku 2003. Plnenie dlhovej služby za obdobie január - september 2003. Prehľad vývoja celkového hrubého zahraničného dlhu SR. Krátkodobá predikcia vývoja zahraničného dlhu a dlhovej služby SR v roku 2003.
Gespeichert in:
| 1. Verfasser: | |
|---|---|
| Format: | Buchkapitel |
| Sprache: | Slowakisch |
| Schlagworte: | |
| Tags: |
Keine Tags, Fügen Sie das erste Tag hinzu!
|
MARC
| LEADER | 00000naa$a2200000$$$4500 | ||
|---|---|---|---|
| 001 | 0018631 | ||
| 005 | 20231004122617.1 | ||
| 041 | 0 | |a slo | |
| 044 | |a SK | ||
| 245 | 1 | 0 | |a Pokles kurzu dolára zvýšil zadĺženosť Slovenska |c Pavol Kyjac |
| 520 | |a Zahraničná zadlženosť Slovenskej republiky v roku 2003. Plnenie dlhovej služby za obdobie január - september 2003. Prehľad vývoja celkového hrubého zahraničného dlhu SR. Krátkodobá predikcia vývoja zahraničného dlhu a dlhovej služby SR v roku 2003. | ||
| 610 | 2 | 0 | |a zadlženosť zahraničná |
| 610 | 2 | 0 | |a Slovensko |
| 610 | 2 | 0 | |a 2003 |
| 100 | 1 | |a Kyjac, Pavol | |